000 00477nam a2200145Ia 4500
008 090124s9999 xx 000 0 und d
082 _b301418
245 _a स्वप्न भंगले रात्री
250 _a1
260 _bरांगणेकर कुमुदिनी
_c1985
300 _a156
630 _a स्वप्न भंगले रात्री
730 _a स्वप्न भंगले रात्री
942 _cBOOK
999 _c190993
_d190993